| 000 | 00529nam a22001817a 4500 | ||
|---|---|---|---|
| 999 |
_c525776 _d525776 |
||
| 003 | NUST | ||
| 020 | _qPB/K | ||
| 038 | _aFaiza | ||
| 082 |
_a891.439092 _bLAL |
||
| 100 |
_aMalik, Lal Khan _916722 |
||
| 245 |
_aDastaan e Hayaat / _cLal Khan Malik |
||
| 260 |
_aGujrat : _bAlmir Trust Library, _c2015. |
||
| 300 | _a289 p. ; | ||
| 880 |
_6100-01\r _aلال خاں ملک |
||
| 880 |
_6245-02\r _aداستانِ حیات / |
||
| 880 |
_6260-03\r _aگجرات : _bالمیرٹرسٹ لائبریری, _c۲۰۱۵. |
||
| 942 |
_2ddc _cBK |
||